Music and song

Gorde:
Xehetasun bibliografikoak
Egile nagusia: Murphey, Tim
Formatua: Liburua
Hizkuntza:Undetermined
Argitaratua: Oxford [England] Oxford University Press 1998
Gaiak:
Etiketak: Etiketa erantsi
Etiketarik gabe, Izan zaitez lehena erregistro honi etiketa jartzen!
Thư viện lưu trữ: Trung tâm Học liệu Trường Đại học Cần Thơ
LEADER 00597nam a2200217Ia 4500
001 CTU_123886
008 210402s9999 xx 000 0 und d
020 |c 86000 
082 |a 428.24 
082 |b M978 
100 |a Murphey, Tim 
245 0 |a Music and song 
245 0 |c Tim Murphey. 
260 |a Oxford [England] 
260 |b Oxford University Press 
260 |c 1998 
650 |a Music and language.,Music in education.,English language 
650 |x Study and teaching 
650 |y Foreign speakers. 
904 |i Minh 
980 |a Trung tâm Học liệu Trường Đại học Cần Thơ